<?xml version="1.0" encoding="UTF-8"?>
<marc:record xmlns:marc="http://www.loc.gov/MARC21/slim">
   <marc:leader>00000nam a2200000 a 4500</marc:leader>
   <marc:datafield ind1="1" ind2=" " tag="100">
      <marc:subfield code="a">Maier, Ruth</marc:subfield>
      <marc:subfield code="4">aut</marc:subfield>
      <marc:subfield code="e">Verfasser/-in</marc:subfield>
   </marc:datafield>
   <marc:datafield ind1="1" ind2=" " tag="100">
      <marc:subfield code="a">Vold, Jan Erik</marc:subfield>
      <marc:subfield code="4">edt</marc:subfield>
      <marc:subfield code="e">Bearbeiter/-in</marc:subfield>
   </marc:datafield>
   <marc:datafield ind1=" " ind2=" " tag="653">
      <marc:subfield code="a">Softcover / Sachbücher/Geschichte/Biographien</marc:subfield>
   </marc:datafield>
   <marc:datafield ind1=" " ind2=" " tag="653">
      <marc:subfield code="a">Autobiographien</marc:subfield>
   </marc:datafield>
   <marc:datafield ind1=" " ind2=" " tag="653">
      <marc:subfield code="a">Nationalsozialismus</marc:subfield>
   </marc:datafield>
   <marc:datafield ind1=" " ind2=" " tag="653">
      <marc:subfield code="a">Tagebücher und Briefe</marc:subfield>
   </marc:datafield>
   <marc:datafield ind1=" " ind2=" " tag="653">
      <marc:subfield code="a">Norwegen/ Oslo</marc:subfield>
   </marc:datafield>
   <marc:datafield ind1=" " ind2=" " tag="653">
      <marc:subfield code="a">Flucht</marc:subfield>
   </marc:datafield>
   <marc:datafield ind1=" " ind2=" " tag="653">
      <marc:subfield code="a">lesbische Liebe</marc:subfield>
   </marc:datafield>
   <marc:datafield ind1=" " ind2=" " tag="653">
      <marc:subfield code="a">Deportation</marc:subfield>
   </marc:datafield>
   <marc:datafield ind1=" " ind2=" " tag="653">
      <marc:subfield code="a">Judentum</marc:subfield>
   </marc:datafield>
   <marc:datafield ind1=" " ind2=" " tag="653">
      <marc:subfield code="a">Auschwitz</marc:subfield>
   </marc:datafield>
   <marc:datafield ind1="0" ind2="0" tag="245">
      <marc:subfield code="a">»Es wartet doch so viel auf mich«</marc:subfield>
   </marc:datafield>
   <marc:datafield ind1="0" ind2="0" tag="245">
      <marc:subfield code="b">Tagebücher und Briefe | Wien 1933–Oslo 1942</marc:subfield>
   </marc:datafield>
   <marc:datafield ind1="0" ind2="0" tag="245">
      <marc:subfield code="c">Ruth Maier</marc:subfield>
   </marc:datafield>
   <marc:datafield ind1=" " ind2="1" tag="264">
      <marc:subfield code="a">S.l.] @</marc:subfield>
      <marc:subfield code="b">Mandelbaum Verlag eG</marc:subfield>
      <marc:subfield code="c">2025</marc:subfield>
   </marc:datafield>
   <marc:datafield ind1=" " ind2=" " tag="250">
      <marc:subfield code="a">2. Auflage, ungekürzte Ausgabe</marc:subfield>
   </marc:datafield>
   <marc:datafield ind1="1" ind2=" " tag="520">
      <marc:subfield code="a">Die 1920 geborene Ruth Maier aus Wien ­vertraute ­ihrem Tagebuch an, was sie erlebte und ­bewegte – wach und interessiert an der Welt, ­hellsichtig, emotio­nal und mit Charme. Am Tag, als im ­Deutschen Reich die Synagogen brannten, wurde Ruth 18 Jahre alt.

»Wir schlüpften wie gehetztes Wild ins Haus, keuchten die Stiegen hinauf. Dann begann es: Sie schlugen, sie verhafteten, zerdroschen Wohnungseinrichtungen etc. Wir saßen alle so bleich zu Haus und von der Straße kamen Juden zu uns, wie Leichen.«

Zwei Monate später kann sie alleine ins vermeintlich sichere Norwegen fliehen. Im November 1942 wird sie aus Oslo deportiert und wenige Tage später in Auschwitz ermordet.

Die berührenden Tagebücher, die ihre Freundin, die norwegische Dichterin Gunvor Hofmo ­aufbewahrte, und Briefe an die Familie, schwankend zwischen Zuversicht und Verzweiflung, hat der norwegische Schriftsteller Jan Erik Vold zu einem Band zusammengestellt. Erstmals 2007 in Norwegen erschienen, erregte das Buch internationales Aufsehen und wurde bislang in zwölf Sprachen übersetzt.

Gedenken:

Ausstellungen über Ruth Maier wurden in den letzten Jahren im UNO-Center in New York, in Wien, Brünn und Oslo gezeigt; im Osloer Holocaust-Zentrum sind die Tagebücher und andere Dokumente von Ruth Maier aufbewahrt und öffentlich zugänglich. Im Jahr 2014 wurden die Tagebücher Teil des UNESCO-Weltdokumentenerbes.

2020 wurde in Oslo ein Platz nach Ruth Maier umbenannt.

2021 wurde in Wien-Leopoldstadt der Ruth-Maier-Park nach ihr benannt.

2022 produzierte der ORF einen Dokumentarfilm zu Ruth Maier.

2023 wurde ein Musical über Ruth Maier und Gunvor Hofmo in Gmunden, OÖ, aufgeführt.

(* 10. November 1920 in Wien; † 1. Dezember 1942 im KZ Auschwitz)
</marc:subfield>
   </marc:datafield>
   <marc:datafield ind1=" " ind2=" " tag="020">
      <marc:subfield code="a">9783991360827</marc:subfield>
      <marc:subfield code="9">9783991360827</marc:subfield>
   </marc:datafield>
   <marc:datafield ind1=" " ind2=" " tag="020">
      <marc:subfield code="a">3991360829</marc:subfield>
      <marc:subfield code="9">3991360829</marc:subfield>
   </marc:datafield>
   <marc:datafield ind1=" " ind2=" " tag="041">
      <marc:subfield code="a">ger</marc:subfield>
   </marc:datafield>
   <marc:datafield ind1=" " ind2=" " tag="300">
      <marc:subfield code="a">432 Seiten</marc:subfield>
   </marc:datafield>
</marc:record>
